000 00785nam a22002297a 4500
003 UA-OsUOA
001 69632
007 ta
008 20100702b un ||||| |||| 00| 0 ukr d
090 _a340.134
_bС75
942 _cBK
040 _aUA-OsUOA
_brus
_cUA-OsUOA
_dUA-OsUOA
245 _aСравнительный обзор законодательства государств-участников СНГ
_bинформационный зборник
_cгл. ред. Тихомиров Ю. А.
300 _a197 с.
955 _a2
041 _arus
080 _a340.134
260 _aМ.
_c1995
246 3 1 _a2
_n
650 7 _a340 Право в цілому. Пропедевтика. Методи та допоміжні правничі науки
_2UDC
999 _c355905
_d355905